Predzmluvné vzťahy v pracovnom práve

Predzmluvné vzťahy, ktoré predchádzajú uzatvoreniu pracovnej zmluvy. Informačná povinnosť v rámci predzmluvných vzťahov. Diskriminácia, antidiskriminačný zákon.

Salvato in:
Dettagli Bibliografici
Autore principale: Mrukviová Tomiová, Sandra
Natura: Capitolo di libro
Lingua:slovacco
Soggetti:
Tags: Aggiungi Tag
Nessun Tag, puoi essere il primo ad aggiungerne!!

MARC

LEADER 00000naa a2200000 4500
001 0207519
005 20231120135252.3
041 0 |a slo 
044 |a SK 
245 1 0 |a Predzmluvné vzťahy v pracovnom práve  |c Sandra Mrukviová Tomiová 
520 |a Predzmluvné vzťahy, ktoré predchádzajú uzatvoreniu pracovnej zmluvy. Informačná povinnosť v rámci predzmluvných vzťahov. Diskriminácia, antidiskriminačný zákon. 
610 2 0 |a prijímanie pracovníkov 
610 2 0 |a informácie 
610 2 0 |a diskriminácia 
610 2 0 |a diskriminácia pracovná 
100 1 |a Mrukviová Tomiová, Sandra